MARC

LEADER 00000nam0a2200000 4500
001 336425
005 20231102004843.0
020 |a RU  |b 89-44010 
035 |a (RuTPU)RU\TPU\book\362841 
090 |a 336425 
100 |a 20171013d1988 m y0rusy5003 ca 
101 0 |a rus 
102 |a RU 
105 |a y z 000zy 
200 1 |a Мужчина на кухне  |f Л. И. Карпов 
210 |a Челябинск  |c Южно-Уральское кн. изд-во  |d 1988 
215 |a 255 с. 
225 1 |a Искусство кулинарии 
606 1 |a Кулинария  |x Рецептура  |2 stltpush  |3 (RuTPU)RU\TPU\subj\16731  |9 42668 
610 1 |a пища 
610 1 |a приготовление 
610 1 |a рецепты 
610 1 |a народы мира 
610 1 |a национальная кухня 
610 1 |a домоводство 
675 |a 641.5  |z rus  |v 3 
700 1 |a Карпов  |b Л. И.  |g Леонид Иванович  |4 070 
801 0 |a RU  |b RuMRKP  |c 19950417  |g psbo 
801 1 |a RU  |b 63413507  |c 20171013 
801 2 |a RU  |b 63413507  |c 20171019  |g RCR 
942 |c BK